Códigos ó estudios fundamentales sobre derecho civil español

Պահպանված է:
Մատենագիտական մանրամասներ
Հիմնական հեղինակ: Gutiérrez Fernández, D. Benito (Հեղինակ)
Ձևաչափ: Գիրք
Լեզու:իսպաներեն
Հրապարակվել է: Madrid Librería de Gabriel Sánchez 1877
Հրատարակություն:3a. ed
Խորագրեր:
Ցուցիչներ: Ավելացրեք ցուցիչ
Չկան պիտակներ, Եղեք առաջինը, ով նշում է այս գրառումը!

MARC

LEADER 00000nam a2200000 a 4500
001 UCR3626
003 CL-VaPUC
008 980128e18770000SP |||||||||||||||||spa|d
082 0 4 |a 346.46  |b GUT  |2 21 
100 |a Gutiérrez Fernández, D. Benito  |e author  |9 402658 
245 1 0 |a Códigos ó estudios fundamentales sobre derecho civil español 
250 |a 3a. ed 
300 |a v 
942 |c BK 
945 |d 19980128 00:00:00  |a crobeson 
260 |a Madrid  |b Librería de Gabriel Sánchez  |c 1877 
650 0 |a Derecho civil  |9 255013 
650 0 |a Derecho español  |9 255291 
650 0 |a Derecho privado  |9 258243 
650 0 |a Código civil  |9 256135 
650 0 |a Obligaciones   |9 255578 
650 0 |a Contratos  |9 255153 
650 0 |a Bienes  |9 255749 
650 0 |a Sociedades  |9 259052 
650 0 |a Deudor y acreedor  |9 256643 
650 0 |a Hipoteca  |9 255780 
651 0 |a España  |9 254926 
583 |a last modification  |c 19980128 00:00:00  |k Rodrigo Vera 
999 |c 266679  |d 266677 
952 |0 0  |1 0  |4 0  |6 346_460000000000000_GUT_1877  |7 0  |8 DER_HIS  |9 298474  |a BIBDER  |b BIBDER  |d 2019-11-20  |h v.4  |i 1947567  |o 346.46 GUT 1877  |p 1947567  |r 2023-01-25  |w 2019-11-20  |x Ubicación 4to Piso  |y BK_X  |z Estos recursos deben solicitarse con anticipación  |k DER 
952 |0 0  |1 0  |4 0  |6 346_460000000000000_GUT_1877  |7 0  |8 DER_HIS  |9 298475  |a BIBDER  |b BIBDER  |d 2019-11-20  |h v.5  |i 1947591  |o 346.46 GUT 1877  |p 1947591  |r 2023-01-25  |w 2019-11-20  |x Ubicación 4to Piso  |y BK_X  |z Estos recursos deben solicitarse con anticipación  |k DER